| 000 | 00889nam a22002177a 4500 | ||
|---|---|---|---|
| 999 |
_c11116 _d11116 |
||
| 003 | AR-CdUCM | ||
| 008 | 190402b ||||| |||| 00| 0 spa d | ||
| 040 |
_aMUNICIPALIDAD PROVINCIAL DEL CUSCO _cBIBLIOTECA MUNICIPAL DEL CUSCO |
||
| 082 |
_22ed. _a348.982 / _bR21 / 1940 |
||
| 100 |
_aRamirez Gronda,Juan D. _928292 |
||
| 245 |
_aDerecho del trabajo de la republica Argentina : _bDoctrina - Legislación - Jurisprudencia / |
||
| 260 |
_aBuenos Aires : _bClaridad : _c1940. |
||
| 300 |
_a416 paginas ; _c20 cm. |
||
| 505 | _aContenido : El derecho al trabajo -- La organización del trabajo -- Derecho constitucional del trabajo -- Gestión y coordinación del trabajo -- El contrato de trabajo... | ||
| 650 |
_aNormas legales _923678 |
||
| 650 |
_aDespidos no indemizables _928293 |
||
| 650 |
_aSalario _97889 |
||
| 650 |
_aJornada legal _928294 |
||
| 942 |
_2ddc _cLIBROS |
||
| 945 | _awnts | ||